[Event "Idaho Closed"]
[Site "Boise, ID"]
[Date "2012.02.20"]
[Round "5.12"]
[White "Porth, Desmond"]
[Black "Healy, Michael"]
[Result "1-0"]
[WhiteElo "765"]
[BlackElo "651"]

1. d4 d5 2. Nf3 Nf6 3. e3 a6 4. Bd3 e6 5. Nbd2 Be7 6. b3 Nc6 7. a3 O-O 8. O-O
Bd6 9. Bb2 Qe7 10. c4 e5 11. dxe5 Nxe5 12. Nxe5 Bxe5 13. Bxe5 Qxe5 14. Nf3 Qh5
15. h3 Be6 16. Qc2 g6 17. Rfe1 dxc4 18. Bxc4 Bxc4 19. Qxc4 c6 20. e4 Kg7 21.
Qd4 Rad8 22. Qb2 Rfe8 23. Kh2 Re6 24. g4 Qb5 25. g5 Rd3 26. gxf6+ Rxf6 27. Re3
Rxe3 28. fxe3 Qh5 29. Rf1 b5 30. Ne1 Qg5 31. Qxf6+ Qxf6 32. Rxf6 Kxf6 33. Nd3
a5 34. Kg3 h5 35. Nc5 Ke5 36. Kf3 f5 37. h4 Kd6 38. Nb7+ Ke5 39. Nxa5 fxe4+
40. Kg3 c5 41. a4 bxa4 42. bxa4 Kd5 43. Kf4 c4 44. Nxc4 Kxc4 45. a5 Kb5 46. a6
Kxa6 47. Kxe4 Kb6 48. Kf4 Kc5 49. Kg5 Kd5 50. Kxg6 Ke4 51. Kxh5 Kxe3 52. Kg5
Ke4 53. h5 Ke5 54. h6 Ke6 55. h7 Kf7 56. h8=Q Ke7 57. Qf6+ Kd7 58. Kf5 Kc7 59.
Ke5 Kb7 60. Kd5 Ka7 61. Kc6 Ka6 62. Qb2 Ka5 63. Qb5# 1-0

[Event "Idaho Closed"]
[Site "Boise, ID"]
[Date "2012.02.20"]
[Round "6.14"]
[White "Healy, Michael"]
[Black "Nathan, Jacob Ari"]
[Result "1-0"]
[WhiteElo "651"]
[BlackElo "384"]

1. e4 e5 2. Nc3 Bb4 3. Nf3 Nc6 4. Be2 Nf6 5. a3 O-O 6. axb4 Nxb4 7. b3 d5 8.
Ba3 dxe4 9. Bxb4 Re8 10. Ng5 Ng4 11. Ngxe4 b6 12. Bxg4 Bb7 13. O-O c5 14. Ba3
Qd4 15. Qf3 Rad8 16. Bh5 Rf8 17. Qg3 b5 18. Nf6+ Kh8 19. Nxb5 Qxd2 20. Rac1
Qh6 21. Qxe5 g6 22. Ng4+ Qg7 23. Qxg7+ Kxg7 24. Bb2+ f6 25. Nxf6 Rxf6 26.
Bxf6+ Kxf6 27. Bf3 a6 28. Nc3 Bxf3 29. gxf3 Kf5 30. Rcd1 Rg8 31. Rd5+ Kf6 32.
Ne4+ Kg7 33. Rd7+ Kh6 34. Ng3 Rf8 35. Kg2 {(There appears to be a missing move
pair, as Black's next move is ...Kg7, which is illegal. The game appears to
end in Mate on move 48.--Jeff Roland.)} {#r} 1-0

[Event "WIO (Reserve)"]
[Site "Boise, ID"]
[Date "2012.12.08"]
[Round "1.1"]
[White "Healy, Michael"]
[Black "Lang, Jamie"]
[Result "0-1"]
[WhiteElo "789"]
[BlackElo "1355"]

1. e4 e5 2. Nf3 Nc6 3. Bc4 Nf6 4. Nc3 Nxe4 5. Nxe4 d5 6. Bb5 dxe4 7. Nxe5 Qd5
8. Qh5 Qxb5 9. Qxf7+ Kd8 10. Nxc6+ Qxc6 11. d3 e3 12. Bxe3 Qxg2 13. O-O-O Qg6
14. Qd5+ Qd6 15. Bg5+ Be7 16. Bxe7+ Kxe7 17. Rde1+ Kf6 18. Qf3+ Bf5 19. Qxb7
Rhb8 20. Qf3 Re8 21. Re3 g6 22. h4 Kg7 23. Rg1 Be6 24. a3 Rf8 25. Qg2 Bd5 26.
Qg5 Rae8 27. Rge1 Rxe3 28. fxe3 Rf5 29. Qg4 Bf3 30. Qd4+ Qxd4 31. exd4 Kf7 32.
Re5 Rxe5 33. dxe5 c5 34. b4 Ke6 35. Kd2 Kxe5 36. Ke3 Bd1 37. c3 h6 38. bxc5
Kd5 39. d4 g5 40. hxg5 hxg5 41. Kf2 g4 42. Kg3 Bf3 43. Kf4 Kc4 44. c6 Bxc6 45.
Kxg4 Kxc3 46. Kf4 Kxd4 47. Kg3 Kc3 48. Kf2 Kb3 49. Ke2 Kxa3 50. Kd2 Kb2 51.
Kd3 Bb5+ 52. Kd4 a5 53. Kc5 a4 {#R} 0-1

[Event "WIO (Reserve)"]
[Site "Boise, ID"]
[Date "2012.12.08"]
[Round "2.8"]
[White "Porth, Dylan"]
[Black "Healy, Michael"]
[Result "0-1"]
[WhiteElo "489"]
[BlackElo "789"]

1. e4 c5 2. Nc3 d6 3. Nf3 Bg4 4. Be2 Nf6 5. d3 Nc6 6. O-O e5 7. h3 Be6 8. Be3
Be7 9. d4 exd4 10. Bxd4 cxd4 11. Nxd4 Nxd4 12. Qxd4 a6 13. Qa4+ Nd7 14. Qd4
O-O 15. a3 Ne5 16. Qd1 Rc8 17. b4 Bc4 18. Re1 Bxe2 19. Rxe2 Rxc3 20. Re3 Rxe3
21. fxe3 Bg5 22. Qe1 Qb6 23. Kf2 Nc4 24. c3 Re8 25. Qe2 Rxe4 26. a4 Rxe3 27.
Qd1 Rd3+ 28. Ke2 Qe3+ 29. Kf1 Rxd1+ 30. Rxd1 Nd2+ 31. Rxd2 Qxd2 32. a5 Be3 33.
c4 Qf2# 0-1

[Event "WIO (Reserve)"]
[Site "Boise, ID"]
[Date "2012.12.09"]
[Round "4.4"]
[White "Buus, Jarod"]
[Black "Healy, Michael"]
[Result "1-0"]
[WhiteElo "1120"]
[BlackElo "789"]

1. e4 c5 2. Nf3 d6 3. d4 cxd4 4. Nxd4 Nf6 5. Nc3 a6 6. Be3 e6 7. Qd2 Nc6 8.
O-O-O Ne5 9. f4 Neg4 10. Bd3 Nxe3 11. Qxe3 g6 12. f5 e5 13. Nf3 Ng4 14. Qe2
Bh6+ 15. Kb1 Qb6 16. Nd5 Qc5 17. Rdf1 Ne3 18. Nxe3 Bxe3 19. fxg6 hxg6 20. Re1
Bd4 21. Nxd4 Qxd4 22. h4 Be6 23. g4 Rc8 24. g5 Bc4 25. Ref1 Bxd3 26. Qxd3 Qxd3
27. cxd3 O-O 28. h5 Kh7 29. Rf6 Rcd8 30. hxg6+ Kg8 31. Rh6 Rd7 32. gxf7+ Rfxf7
33. Rxd6 Rf1+ 34. Kc2 Rc7+ 35. Kb3 Rg1 36. Rh5 Rg3 37. g6 Rc6 38. Rxc6 bxc6
39. Kc4 Rxg6 40. Rxe5 Kf7 41. Rc5 Rg2 42. Kc3 Rg1 43. Ra5 Rc1+ 44. Kd4 Ke6 45.
Rxa6 Kd7 46. b4 Kc7 47. Ra5 Rb1 48. a3 Kb6 49. Ke5 c5 50. Rxc5 Rg1 51. d4 Rg5+
52. Kf4 Rxc5 53. bxc5+ Kc6 54. Ke5 Kd7 55. a4 Kc7 56. a5 Kc6 57. a6 Kc7 58. a7
Kb7 59. Kd6 {#r} 1-0

[Event "WIO (Reserve)"]
[Site "Boise, ID"]
[Date "2012.12.09"]
[Round "5.4"]
[White "Healy, Michael"]
[Black "Patterson, Kevin R"]
[Result "0-1"]
[WhiteElo "789"]
[BlackElo "1225"]

1. d4 c6 2. Nc3 d5 3. Nf3 h6 4. a3 Bf5 5. e3 e6 6. Bd3 Bxd3 7. Qxd3 Nf6 8. Ne5
Bd6 9. O-O Nbd7 10. Nxd7 Qxd7 11. e4 dxe4 12. Nxe4 Be7 13. Nxf6+ Bxf6 14. Be3
Rd8 15. Qb3 O-O 16. Rad1 c5 17. c3 cxd4 18. Bxd4 Bxd4 19. Rxd4 Qc7 20. Rxd8
Rxd8 21. Rd1 b6 22. g3 Re8 23. Qa4 Re7 24. Rd4 e5 25. Rc4 Qb7 26. Qb4 Rd7 27.
Qb5 Rd1# 0-1

[Event "Western Idaho Open (Reserve)"]
[Site "Boise, ID"]
[Date "2014.12.13"]
[Round "1.201"]
[White "Healy, Michael"]
[Black "Porth, Adam"]
[Result "1/2-1/2"]
[WhiteElo "833"]
[BlackElo "1363"]
[EventRounds "5"]
[EventCountry "USA"]

1. e4 c6 2. Nf3 d5 3. d3 dxe4 4. Ne5 exd3 5. Bxd3 Nd7 6. Nxf7 Qa5+ 7. Bd2 Qd5
8. Nxh8 Qxg2 9. Rf1 Qxh2 10. Nc3 Ndf6 11. Ne4 Qe5 12. c3 Bh3 13. Qb3 Nd5 14.
Qxb7 Nc7 15. Qxc6+ Bd7 16. Qc4 Be6 17. Qc6+ Bd7 18. Qc4 Be6 {#d} 1/2-1/2

[Event "Western Idaho Open (Reserve)"]
[Site "Boise, ID"]
[Date "2014.12.13"]
[Round "2.203"]
[White "Porth, Dylan"]
[Black "Healy, Michael"]
[Result "1-0"]
[WhiteElo "818"]
[BlackElo "833"]
[EventRounds "5"]
[EventCountry "USA"]

1. e4 e5 2. Nf3 d6 3. d4 Nc6 4. d5 Nce7 5. Nc3 Nf6 6. Bg5 Ng6 7. Bb5+ Bd7 8.
Bxf6 gxf6 9. Bd3 Nf4 10. Bf1 f5 11. g3 Ng6 12. exf5 Bxf5 13. Qd2 a6 14. O-O-O
Qd7 15. h3 h5 16. Be2 Bh6 17. Ng5 f6 18. h4 Bg4 19. f3 Bf5 20. Kb1 Nxh4 21.
gxh4 fxg5 22. hxg5 Bg7 23. Rdg1 O-O-O 24. a3 Rde8 25. Ne4 Bxe4 26. fxe4 h4 27.
Bg4 Qxg4 28. Rxg4 h3 29. Qe3 Kb8 30. Rxh3 Rhf8 31. Ka2 Re7 32. Rgh4 Ref7 33.
Rg3 Rf4 34. Rh7 Rg8 35. Rf3 Rff8 36. Rxf8+ Bxf8 37. Qf3 Ka7 38. Qf7 Rg7 39.
Rxg7 Bxg7 40. Qxg7 Kb6 41. Qd7 c6 42. g6 cxd5 43. exd5 e4 44. g7 Kc5 45. g8=Q
e3 46. Qge8 Kd4 47. Qa4+ Kxd5 48. Qxe3 b5 49. Qad4+ Kc6 50. Qee4+ Kd7 51. Qg7+
{#r} 1-0

[Event "Western Idaho Open (Reserve)"]
[Site "Boise, ID"]
[Date "2014.12.14"]
[Round "4.202"]
[White "Healy, Michael"]
[Black "Porth, Desmond"]
[Result "0-1"]
[WhiteElo "833"]
[BlackElo "1308"]
[EventRounds "5"]
[EventCountry "USA"]

1. e4 c6 2. Nc3 d5 3. d3 d4 4. Nce2 e5 5. Nf3 Bd6 6. c3 c5 7. Qb3 h6 8. Bd2
Qb6 9. Qxb6 axb6 10. Ng3 Ne7 11. Be2 Be6 12. c4 Bd7 13. Bd1 b5 14. O-O bxc4
15. dxc4 Nbc6 16. a3 O-O 17. Ne1 Na5 18. b3 b5 19. b4 Nxc4 20. Bc1 cxb4 21.
Nd3 bxa3 22. Ra2 b4 23. Bb3 Bb5 24. Re1 Na5 25. Bc2 b3 26. Bxa3 bxa2 27. Bxd6
Bxd3 28. Bxd3 Nb3 29. Bxe7 a1=Q 30. Rxa1 Rxa1+ 31. Nf1 Rc8 32. Bb4 Ra4 33. Bd6
Ra1 34. Bb4 Nc1 35. g3 Nxd3 36. Bd2 Rc2 37. Kg2 Rxf1 38. Kxf1 Rxd2 39. h3
Rxf2+ 40. Kg1 Ra2 41. Kf1 Nf2 42. h4 d3 43. Ke1 d2+ 44. Kxf2 d1=Q+ 45. Ke3
Qe2# 0-1

[Event "Western Idaho Open (Reserve)"]
[Site "Boise, ID"]
[Date "2014.12.14"]
[Round "5.203"]
[White "Porth, Darwin Albert"]
[Black "Healy, Michael"]
[Result "0-1"]
[WhiteElo "432"]
[BlackElo "833"]
[EventRounds "5"]
[EventCountry "USA"]

1. e4 c5 2. d3 Nc6 3. Be2 Nf6 4. Nf3 d6 5. O-O e6 6. h3 Be7 7. Bd2 e5 8. Bc3
O-O 9. Qd2 d5 10. Bxe5 dxe4 11. dxe4 Qxd2 12. Nbxd2 Be6 13. Bc3 Nd7 14. e5 Bf5
15. Bb5 Bxc2 16. e6 fxe6 17. Bc4 Bf5 18. g4 b5 19. Bxb5 Rac8 20. gxf5 Rxf5 21.
Bc4 Nf8 22. Nh4 Bxh4 23. Ne4 Rd8 24. Nxc5 Rxc5 25. Bb3 Rd3 26. Rfd1 Rg5+ 27.
Kf1 Rxh3 28. Re1 Nd8 29. Rad1 Rf5 30. Bb4 Rxf2+ 31. Kg1 Rhh2 32. Ba5 Rhg2+ 33.
Kh1 Rh2+ 34. Kg1 Rfg2+ 35. Kf1 Bxe1 36. Kxe1 Rh1# 0-1